LEADER 01011nam1 2200373 450 001 990002889610203316 005 20070327162806.0 035 $a000288961 035 $aUSA01000288961 035 $a(ALEPH)000288961USA01 035 $a000288961 100 $a20070327d19961997km-y0itay50------ba 101 $afre 102 $aFR 105 $a||||||||001yy 200 1 $aJournal$fAndré Gide 210 $a[Paris]$cGallimard$d1996-1997 215 $a2 v.$d18 cm 225 2 $aBibliothèque de la Pléiade 410 0$12001$aBibliothèque de la Pléiade 454 1$12001 461 1$1001-------$12001 463 \1$1001990002889680203316$12001 $a<> : 1887-1925 606 0 $aGide, André$xdiari e memorie 676 $a848.912 700 1$aGIDE,$bAndré$0385265 801 0$aIT$bsalbc$gISBD 912 $a990002889610203316 951 $aII.4.COLL.1$bDSLL 959 $aBK 969 $aDSLL 979 $aDSLL1$b90$c20070327$lUSA01$h1628 996 $aJournal$9182802 997 $aUNISA LEADER 00924cam2-22003251i-450- 001 990000220620403321 005 20061030135607.0 035 $a000022062 035 $aFED01000022062 035 $a(Aleph)000022062FED01 035 $a000022062 100 $a20020821d1893----km-y0itay50------ba 101 0 $aita 102 $aIT 105 $ayf------001yy 200 1 $aAssi, ruote e cerchioni per locomotive$f[Felice Biglia] 210 $aTorino$cUTET$d[1893] 215 $a32 p., 4 c. di tav.$d31 cm 461 0$1001000009733$12001$aCostruzione ed esercizio delle strade ferrate e delle tramvie$v3.1 cap. 02bis 610 0 $aLocomotive 610 0 $aLocomotive$aAssi 676 $a625.261 700 1$aBiglia,$bFelice 702 1$aFadda,$bStanislao 801 0$aIT$bUNINA$gRICA$2UNIMARC 901 $aBK 912 $a990000220620403321 952 $a13 M 16 22$b3238$fFINBC 959 $aFINBC 997 $aUNINA